Sōfuren /

Saved in:
நூற்பட்டியல் விவரங்கள்
தலைமை எழுத்தாளர்: Watanabe, Katei, 1864-1926.
குழும எழுத்தாளர்: Sekai Bunko.
வடிவம்: புத்தகம்
மொழி:Japanese
வெளியீடப்பட்டது: Tōkyō : Sekai Bunko, [between 1973 and 1980]
தொகுதி:Buraku mondai bungei sakuhin senshū ; dai 4-kan.
பகுதிகள்:
குறியீடுகள்: குறிச்சொல் இணை
குறியீடுகள் இல்லை, இந்த குறிச்சொல்லை முதலில் பதிவு செய்யுங்கள்!
LEADER 01062nam a2200289ui 4500
001 007705756-2
005 20024617122053.0
008 980211q19731980ja 000 0 jpn d
035 0 |a ocm38419080 
040 |a *YNH*  |c *YNH*  |d CStRLIN 
100 1 |6 880-01  |a Watanabe, Katei,  |d 1864-1926. 
245 1 0 |6 880-02  |a Sōfuren /  |c Watanabe Katei. 
260 |6 880-03  |a Tōkyō :  |b Sekai Bunko,  |c [between 1973 and 1980] 
300 |a 1 v. ;  |c 19 cm. 
490 1 |6 880-04  |a Buraku mondai bungei sakuhin senshū ;  |v dai 4-kan 
650 0 |a Buraku people. 
650 0 |a Japanese literature  |y 1868- 
710 2 |6 880-05  |a Sekai Bunko. 
880 1 |6 100-01  |a 渡邊霞亭,  |d 1864-1926. 
880 1 0 |6 245-02  |a 想夫憐 /  |c 渡邊霞亭. 
880 |6 260-03  |a 東京 :  |b 世界文庫,  |c [between 1973 and 1980] 
880 1 |6 490-04  |a 部落問題文芸・作品選集 ;  |v 第4卷 
880 2 |6 710-05  |a 世界文庫. 
830 0 |6 880-54  |a Buraku mondai bungei sakuhin senshū ;  |v dai 4-kan. 
880 0 |6 830-54  |a 部落問題文芸・作品選集 ;  |v 第4卷. 
988 |a 20021221 
906 |0 MH